000 00345nam a22001457a 4500
008 210302b ||||| |||| 00| 0 eng d
020 _a9780827351349
041 _aeng
080 _25th
_a541
082 _a541
100 _a12
101 _aKIM
245 _aFluids and Electrolytes with clinical applications
_cLefever, J
942 _2udc
_cBK
999 _c55543
_d55543